Historia Polski - czasy komunistyczne - Statystyki

Ogólne statystyki
  • Ten quiz został rozwiązany 163 razy
  • Średni wynik to 10 z 19
Statystyki odpowiedzi
Pytanie Odpowiedź % Poprawnych
Jak nazywała się Polska pod rządami komunistycznymi? Polska Rzeczpospolita Ludowa
97%
Jaka partia rządziła tym krajem? PZPR
86%
Jak nazywał się pierwszy przywódca komunistycznej Polski? Bolesław Bierut
80%
W którym roku doszło do ostatecznego upadku komunizmu w Polsce? 1989
66%
Kto był przewodniczącym tej organizacji? Lech Wałęsa
66%
Jak nazywa się pierwsza legalna i niezależna od rządu komunistycznego organizacja, utworzona w celu zrzeszenia i ochrony pracowników? NSZZ "Solidarność"
66%
W którym roku doszło do pierwszych nasileń między robotnikami, a rządem? 1956
61%
W jakim mieście doszło do tragedii w trakcie wydarzeń tego roku? Poznań
59%
Kto był wtedy przywódcą kraju, który rzekomo miał przynieść polityczną odwilż? Władysław Gomułka
57%
W którym roku doszło do fali strajków na wybrzeżu? 1970
56%
Jak nazywa się powstanie, które miało przynieść wolność przyszłej Polsce, zarówno od komunistów jak i nazistów? Powstanie Warszawskie
53%
Jak nazywała się reakcja rządu komunistycznego na rozszerzającą się fale strajków w 1981 roku? Stan Wojenny
53%
Kiedy wybuchło to powstanie? 1 sierpnia 1944
52%
Jak nazywały się rozmowy odbyte w celu przeprowadzenia zmian ustrojowych w PRL? Obrady w Magdalence
48%
Jaki kryptonim miała ta akcja? Akcja Burza
41%
Jaką międzynarodową nagrodę zdobył ten człowiek? Nagroda Nobla
32%
Jak nazywał się organ, który podawał się za rząd Polski? (z siedzibą w Londynie) Rząd Londyński
12%
Jak nazywa się sztandarowy projekt komunistów w Warszawie? Dworzec Centralny
4%
Jakie święto było obchodzone przez komunistów w 1966 roku? Tysiąclecie istnienia Polski
3%
Nie znaleziono quizów pasujących do podanych kryteriów
Rozkład punktacji
Procent ludzi z każdym wynikiem
Percentyl według liczby udzielonych odpowiedzi
Twoja historia wyników
Nie rozwiązałeś tego quizu